[Event "World Youth & Cadets Blitz Championships"]
[Site "Rhodes, Greece"]
[Date "2022.05.03"]
[Round "3.36"]
[White "Siekanska, Maria"]
[Black "September, Mckenzie"]
[Result "1-0"]
[TimeControl "5'/game & 2\"/move"]
[WhiteElo "1723"]
[BlackElo "1120"]

1. d4 {[%clk 00:05:03]} g6 {[%clk 00:05:04]} 2. c4 {[%clk 00:04:57]} {[%emt
00:00:08]} Bg7 {[%clk 00:05:05]} {[%emt 00:00:01]} 3. Nc3 {[%clk 00:04:54]}
{[%emt 00:00:05]} c5 {[%clk 00:05:06]} {[%emt 00:00:01]} 4. e3 {[%clk
00:04:53]} {[%emt 00:00:03]} Nc6 {[%clk 00:04:57]} {[%emt 00:00:11]} 5. Nf3
{[%clk 00:04:52]} {[%emt 00:00:03]} e6 {[%clk 00:04:58]} 6. Be2 {[%clk
00:04:45]} {[%emt 00:00:10]} Nge7 {[%clk 00:04:58]} {[%emt 00:00:02]} 7. O-O
{[%clk 00:04:34]} {[%emt 00:00:12]} cxd4 {[%clk 00:04:53]} {[%emt 00:00:07]} 8.
exd4 {[%clk 00:04:35]} {[%emt 00:00:01]} O-O {[%clk 00:04:53]} {[%emt
00:00:02]} 9. d5 {[%clk 00:03:27]} {[%emt 00:01:10]} exd5 {[%clk 00:04:34]}
{[%emt 00:00:22]} 10. cxd5 {[%clk 00:03:19]} {[%emt 00:00:09]} Nb4 {[%clk
00:04:10]} {[%emt 00:00:26]} 11. Bc4 {[%clk 00:02:31]} {[%emt 00:00:50]} Qa5
{[%clk 00:03:46]} {[%emt 00:00:27]} 12. Bd2 {[%clk 00:02:20]} {[%emt 00:00:12]}
Nexd5 {[%clk 00:03:16]} {[%emt 00:00:31]} 13. Nxd5 {[%clk 00:02:17]} {[%emt
00:00:06]} Re8 {[%clk 00:02:18]} {[%emt 00:01:00]} 14. Bxb4 {[%clk 00:02:12]}
{[%emt 00:00:07]} Qd8 {[%clk 00:02:07]} {[%emt 00:00:14]} 15. Re1 {[%clk
00:02:03]} {[%emt 00:00:10]} Bxb2 {[%clk 00:02:00]} {[%emt 00:00:09]} 16. Rb1
{[%clk 00:01:56]} {[%emt 00:00:09]} Bg7 {[%clk 00:01:52]} {[%emt 00:00:10]} 17.
Bd6 {[%clk 00:01:53]} {[%emt 00:00:05]} a6 {[%clk 00:01:27]} {[%emt 00:00:28]}
18. Rxe8+ {[%clk 00:01:47]} {[%emt 00:00:07]} Qxe8 {[%clk 00:01:27]} {[%emt
00:00:02]} 19. Nc7 {[%clk 00:01:48]} Qe4 {[%clk 00:01:06]} {[%emt 00:00:23]} 20.
Bxf7+ {[%clk 00:01:49]} {[%emt 00:00:01]} Kxf7 {[%clk 00:01:04]} {[%emt
00:00:05]} 21. Ng5+ {[%clk 00:01:50]} Kg8 {[%clk 00:01:01]} {[%emt 00:00:05]}
22. Qb3+ {[%clk 00:01:47]} {[%emt 00:00:05]} Kh8 {[%clk 00:00:54]} {[%emt
00:00:09]} 23. Nf7+ {[%clk 00:01:48]} {[%emt 00:00:01]} Kg8 {[%clk 00:00:52]}
{[%emt 00:00:04]} 24. Nh6+ {[%clk 00:01:49]} {[%emt 00:00:01]} Kh8 {[%clk
00:00:48]} {[%emt 00:00:05]} 25. Qg8# {[%clk 00:01:50]} {[%emt 00:00:02]} 1-0

[Event "World Youth & Cadets Blitz Championships"]
[Site "Rhodes, Greece"]
[Date "2022.05.03"]
[Round "3.37"]
[White "Kawa, Anna"]
[Black "Seemann, Pola"]
[Result "0-1"]
[TimeControl "5'/game & 2\"/move"]
[WhiteElo "1353"]
[BlackElo "1439"]

1. e4 {[%clk 00:05:03]} {[%emt 00:22:56]} e5 {[%clk 00:05:03]} {[%emt
00:00:02]} 2. Nf3 {[%clk 00:05:05]} Nc6 {[%clk 00:05:04]} {[%emt 00:00:02]} 3.
Bc4 {[%clk 00:05:06]} Nf6 {[%clk 00:05:04]} {[%emt 00:00:02]} 4. Ng5 {[%clk
00:05:07]} {[%emt 00:00:01]} d5 {[%clk 00:05:05]} {[%emt 00:00:01]} 5. exd5
{[%clk 00:05:08]} Na5 {[%clk 00:05:06]} {[%emt 00:00:01]} 6. Bb5+ {[%clk
00:05:10]} {[%emt 00:00:01]} c6 {[%clk 00:05:06]} {[%emt 00:00:01]} 7. dxc6
{[%clk 00:05:11]} {[%emt 00:00:01]} bxc6 {[%clk 00:05:05]} {[%emt 00:00:02]} 8.
Bd3 {[%clk 00:05:11]} {[%emt 00:00:03]} Nd5 {[%clk 00:05:03]} {[%emt 00:00:04]}
9. Nf3 {[%clk 00:04:48]} {[%emt 00:00:24]} Bd6 {[%clk 00:05:04]} {[%emt
00:00:02]} 10. Nc3 {[%clk 00:04:34]} {[%emt 00:00:16]} O-O {[%clk 00:04:53]}
{[%emt 00:00:13]} 11. Nxd5 {[%clk 00:04:11]} {[%emt 00:00:25]} cxd5 {[%clk
00:04:53]} {[%emt 00:00:02]} 12. Be2 {[%clk 00:04:12]} {[%emt 00:00:01]} f5
{[%clk 00:04:37]} {[%emt 00:00:18]} 13. d3 {[%clk 00:04:13]} {[%emt 00:00:01]}
Nc6 {[%clk 00:04:24]} {[%emt 00:00:15]} 14. h3 {[%clk 00:04:00]} {[%emt
00:00:15]} e4 {[%clk 00:04:05]} {[%emt 00:00:21]} 15. dxe4 {[%clk 00:04:01]}
dxe4 {[%clk 00:03:44]} {[%emt 00:00:23]} 16. Qd5+ {[%clk 00:03:46]} {[%emt
00:00:17]} Kh8 {[%clk 00:03:42]} {[%emt 00:00:04]} 17. Qxc6 {[%clk 00:03:30]}
{[%emt 00:00:18]} exf3 {[%clk 00:03:26]} {[%emt 00:00:18]} 18. Qxf3 {[%clk
00:03:28]} {[%emt 00:00:04]} Rb8 {[%clk 00:03:18]} {[%emt 00:00:09]} 19. O-O
{[%clk 00:03:20]} {[%emt 00:00:11]} Bb7 {[%clk 00:03:18]} {[%emt 00:00:03]} 20.
Qh5 {[%clk 00:02:58]} {[%emt 00:00:22]} Bc7 {[%clk 00:02:48]} {[%emt 00:00:30]}
21. Bg5 {[%clk 00:02:52]} {[%emt 00:00:12]} Qd6 {[%clk 00:02:43]} {[%emt
00:00:05]} 22. f4 {[%clk 00:02:14]} {[%emt 00:00:41]} Bb6+ {[%clk 00:02:14]}
{[%emt 00:00:31]} 23. Kh1 {[%clk 00:02:11]} {[%emt 00:00:05]} Qc6 {[%clk
00:01:35]} {[%emt 00:00:40]} 24. Bf3 {[%clk 00:02:08]} {[%emt 00:00:06]} Qxc2
{[%clk 00:01:30]} {[%emt 00:00:07]} 25. Bxb7 {[%clk 00:01:58]} {[%emt
00:00:12]} Rxb7 {[%clk 00:01:30]} {[%emt 00:00:02]} 26. Qf3 {[%clk 00:01:54]}
{[%emt 00:00:06]} Rd7 {[%clk 00:01:17]} {[%emt 00:00:12]} 27. Qc3 {[%clk
00:01:38]} {[%emt 00:00:21]} Qe2 {[%clk 00:00:59]} {[%emt 00:00:19]} 28. Rae1
{[%clk 00:01:35]} {[%emt 00:00:05]} Qh5 {[%clk 00:00:57]} {[%emt 00:00:04]} 29.
Re7 {[%clk 00:01:27]} {[%emt 00:00:12]} Rxe7 {[%clk 00:00:57]} {[%emt
00:00:02]} 30. Bxe7 {[%clk 00:01:28]} Re8 {[%clk 00:00:52]} {[%emt 00:00:06]}
31. Ba3 {[%clk 00:01:14]} {[%emt 00:00:17]} Qe2 {[%clk 00:00:49]} {[%emt
00:00:03]} 32. Qf3 {[%clk 00:01:07]} {[%emt 00:00:10]} Qc4 {[%clk 00:00:42]}
{[%emt 00:00:06]} 33. Rd1 {[%clk 00:00:59]} {[%emt 00:00:12]} h6 {[%clk
00:00:38]} {[%emt 00:00:07]} 34. Qh5 {[%clk 00:00:35]} {[%emt 00:00:26]} Re2
{[%clk 00:00:28]} {[%emt 00:00:12]} 35. Qxf5 {[%clk 00:00:19]} {[%emt
00:00:18]} Rf2 {[%clk 00:00:21]} {[%emt 00:00:09]} 36. Qf8+ {[%clk 00:00:12]}
{[%emt 00:00:10]} Kh7 {[%clk 00:00:22]} {[%emt 00:00:01]} 37. Qf5+ {[%clk
00:00:12]} {[%emt 00:00:02]} Kh8 {[%clk 00:00:20]} {[%emt 00:00:03]} 38. Re1
{[%clk 00:00:06]} {[%emt 00:00:09]} Rf1+ {[%clk 00:00:18]} {[%emt 00:00:03]} 39.
Rxf1 {[%clk 00:00:06]} {[%emt 00:00:02]} Qxf1+ {[%clk 00:00:18]} {[%emt
00:00:01]} 40. Kh2 {[%clk 00:00:07]} {[%emt 00:00:02]} Bg1+ {[%clk 00:00:19]}
{[%emt 00:00:01]} 41. Kg3 {[%clk 00:00:07]} {[%emt 00:00:02]} Qf2+ {[%clk
00:00:20]} {[%emt 00:00:02]} 42. Kg4 {[%clk 00:00:08]} Qxg2+ {[%clk 00:00:20]}
43. Kh5 {[%clk 00:00:06]} {[%emt 00:00:05]} Qf3+ {[%clk 00:00:20]} {[%emt
00:00:02]} 44. Kg6 {[%clk 00:00:05]} {[%emt 00:00:03]} Qc6+ {[%clk 00:00:15]}
{[%emt 00:00:07]} 45. Kf7 {[%clk 00:00:04]} {[%emt 00:00:03]} Qb7+ {[%clk
00:00:13]} {[%emt 00:00:03]} 46. Ke8 {[%clk 00:00:04]} {[%emt 00:00:03]} Qb8+
{[%clk 00:00:13]} {[%emt 00:00:02]} 47. Ke7 {[%clk 00:00:05]} {[%emt 00:00:02]}
Qb7+ {[%clk 00:00:12]} {[%emt 00:00:02]} 48. Ke6 {[%clk 00:00:04]} {[%emt
00:00:03]} Qc8+ {[%clk 00:00:12]} {[%emt 00:00:02]} 49. Ke5 {[%clk 00:00:05]}
{[%emt 00:00:01]} Qe8+ {[%clk 00:00:11]} {[%emt 00:00:03]} 50. Kd5 {[%clk
00:00:04]} {[%emt 00:00:03]} Qd8+ {[%clk 00:00:10]} {[%emt 00:00:03]} 51. Ke4
{[%clk 00:00:04]} {[%emt 00:00:02]} Qd4+ {[%clk 00:00:10]} {[%emt 00:00:02]} 52.
Kf3 {[%clk 00:00:05]} {[%emt 00:00:01]} Qe3+ {[%clk 00:00:10]} {[%emt
00:00:02]} 53. Kg4 {[%clk 00:00:07]} {[%emt 00:00:01]} Qe2+ {[%clk 00:00:10]}
{[%emt 00:00:02]} 54. Kg3 {[%clk 00:00:06]} {[%emt 00:00:02]} Bf2+ {[%clk
00:00:10]} {[%emt 00:00:02]} 55. Kg2 {[%clk 00:00:06]} {[%emt 00:00:02]} Bh4+
{[%clk 00:00:08]} {[%emt 00:00:04]} 56. Kh1 {[%clk 00:00:04]} {[%emt 00:00:02]}
Qf1+ {[%clk 00:00:08]} {[%emt 00:00:04]} 57. Kh2 {[%clk 00:00:06]} {[%emt
00:00:01]} Qf2+ {[%clk 00:00:08]} 58. Kh1 {[%clk 00:00:07]} {[%emt 00:00:01]}
Qf3+ {[%clk 00:00:06]} {[%emt 00:00:04]} 59. Kg1 {[%clk 00:00:06]} {[%emt
00:00:03]} Bf2+ {[%clk 00:00:06]} {[%emt 00:00:02]} 60. Kf1 {[%clk 00:00:03]}
{[%emt 00:00:05]} Be3+ {[%clk 00:00:07]} {[%emt 00:00:01]} 61. Ke1 {[%clk
00:00:03]} {[%emt 00:00:03]} Qf2+ {[%clk 00:00:08]} 62. Kd1 {[%clk 00:00:04]}
{[%emt 00:00:01]} Qd2# {[%clk 00:00:08]} 0-1

[Event "World Youth & Cadets Blitz Championships"]
[Site "Rhodes, Greece"]
[Date "2022.05.03"]
[Round "3.38"]
[White "Guid, Taja"]
[Black "Bendik, Margarita"]
[Result "1/2-1/2"]
[TimeControl "5'/game & 2\"/move"]
[WhiteElo "1447"]
[BlackElo "1457"]

1. e4 {[%clk 00:05:04]} {[%emt 00:12:43]} d5 {[%clk 00:05:03]} {[%emt
00:00:01]} 2. exd5 {[%clk 00:05:04]} {[%emt 00:00:02]} Qxd5 {[%clk 00:05:04]} 3.
Nc3 {[%clk 00:05:04]} {[%emt 00:00:02]} Qd6 {[%clk 00:05:06]} 4. d4 {[%clk
00:04:29]} {[%emt 00:00:36]} Nf6 {[%clk 00:05:06]} {[%emt 00:00:02]} 5. Nf3
{[%clk 00:04:30]} {[%emt 00:00:02]} c6 {[%clk 00:05:07]} 6. g3 {[%clk
00:04:31]} {[%emt 00:00:02]} Bf5 {[%clk 00:05:07]} {[%emt 00:00:02]} 7. Bg2
{[%clk 00:04:31]} {[%emt 00:00:01]} e6 {[%clk 00:05:08]} {[%emt 00:00:01]} 8.
O-O {[%clk 00:04:29]} {[%emt 00:00:05]} h6 {[%clk 00:05:09]} 9. Bf4 {[%clk
00:04:29]} {[%emt 00:00:01]} Qd8 {[%clk 00:05:10]} 10. Re1 {[%clk 00:04:21]}
{[%emt 00:00:10]} Be7 {[%clk 00:05:11]} {[%emt 00:00:02]} 11. h3 {[%clk
00:04:18]} {[%emt 00:00:05]} O-O {[%clk 00:05:10]} {[%emt 00:00:03]} 12. g4
{[%clk 00:04:18]} {[%emt 00:00:01]} Bh7 {[%clk 00:05:10]} {[%emt 00:00:02]} 13.
Ne5 {[%clk 00:04:10]} {[%emt 00:00:10]} Nbd7 {[%clk 00:05:10]} {[%emt
00:00:02]} 14. Qe2 {[%clk 00:03:33]} {[%emt 00:00:39]} Nxe5 {[%clk 00:05:07]}
{[%emt 00:00:05]} 15. dxe5 {[%clk 00:03:22]} {[%emt 00:00:13]} Nd5 {[%clk
00:05:04]} {[%emt 00:00:06]} 16. Nxd5 {[%clk 00:03:19]} {[%emt 00:00:04]} exd5
{[%clk 00:05:01]} {[%emt 00:00:05]} 17. Rad1 {[%clk 00:03:15]} {[%emt
00:00:06]} Qa5 {[%clk 00:04:39]} {[%emt 00:00:25]} 18. a3 {[%clk 00:03:11]}
{[%emt 00:00:07]} Qa4 {[%emt 00:00:21]} 19. Bg3 {[%clk 00:02:53]} Qxc2 {[%clk
00:04:39]} {[%emt 00:00:02]} 20. Rd2 {[%clk 00:02:52]} {[%emt 00:00:03]} Qa4
{[%clk 00:04:23]} {[%emt 00:00:18]} 21. Kh2 {[%clk 00:02:50]} {[%emt 00:00:03]}
Rfe8 {[%clk 00:04:10]} {[%emt 00:00:15]} 22. f4 {[%clk 00:02:39]} {[%emt
00:00:14]} Bc5 {[%clk 00:03:52]} {[%emt 00:00:19]} 23. Rc1 {[%clk 00:02:04]}
{[%emt 00:00:37]} Bb6 {[%clk 00:03:50]} {[%emt 00:00:05]} 24. f5 {[%clk
00:01:53]} {[%emt 00:00:13]} Re7 {[%clk 00:03:09]} {[%emt 00:00:43]} 25. Qf3
{[%clk 00:01:39]} {[%emt 00:00:15]} Ree8 {[%clk 00:02:40]} {[%emt 00:00:32]} 26.
Re2 {[%clk 00:01:26]} {[%emt 00:00:15]} Qb5 {[%clk 00:02:23]} {[%emt 00:00:19]}
27. b4 {[%clk 00:01:17]} {[%emt 00:00:11]} Bc7 {[%clk 00:02:21]} {[%emt
00:00:04]} 28. Rce1 {[%clk 00:01:15]} {[%emt 00:00:03]} Qc4 {[%clk 00:01:52]}
{[%emt 00:00:31]} 29. Bf1 {[%clk 00:00:53]} {[%emt 00:00:24]} d4 {[%clk
00:01:10]} {[%emt 00:00:45]} 30. Rd2 {[%clk 00:00:48]} {[%emt 00:00:07]} Qc3
{[%clk 00:01:04]} {[%emt 00:00:08]} 31. Qxc3 {[%clk 00:00:36]} {[%emt
00:00:13]} dxc3 {[%clk 00:01:05]} 32. Rc2 {[%clk 00:00:37]} {[%emt 00:00:01]}
g6 {[%clk 00:00:26]} {[%emt 00:00:42]} 33. f6 {[%clk 00:00:10]} {[%emt
00:00:29]} Rad8 {[%clk 00:00:27]} 34. Rxc3 {[%clk 00:00:10]} {[%emt 00:00:02]}
Rd2+ {[%clk 00:00:28]} {[%emt 00:00:01]} 35. Bg2 {[%clk 00:00:08]} {[%emt
00:00:04]} g5 {[%clk 00:00:25]} {[%emt 00:00:05]} 36. Rce3 {[%clk 00:00:08]}
Bb6 {[%clk 00:00:24]} {[%emt 00:00:03]} 37. R3e2 {[%clk 00:00:09]} {[%emt
00:00:01]} Rd3 {[%clk 00:00:25]} {[%emt 00:00:02]} 38. Be4 {[%clk 00:00:06]}
{[%emt 00:00:05]} Bxe4 {[%clk 00:00:24]} {[%emt 00:00:02]} 39. Rxe4 {[%clk
00:00:08]} Rxa3 {[%clk 00:00:25]} {[%emt 00:00:02]} 40. e6 {[%clk 00:00:08]}
{[%emt 00:00:03]} fxe6 {[%clk 00:00:19]} {[%emt 00:00:07]} 41. Rxe6 {[%clk
00:00:09]} {[%emt 00:00:01]} Rxe6 {[%clk 00:00:11]} {[%emt 00:00:10]} 42. Rxe6
{[%clk 00:00:10]} Ra2+ {[%clk 00:00:06]} {[%emt 00:00:07]} 43. Kh1 {[%clk
00:00:10]} {[%emt 00:00:02]} Ra1+ {[%clk 00:00:07]} {[%emt 00:00:01]} 44. Kg2
{[%clk 00:00:11]} Ra2+ {[%clk 00:00:07]} {[%emt 00:00:02]} 45. Kf3 {[%clk
00:00:11]} Ra3+ {[%clk 00:00:08]} {[%emt 00:00:03]} 46. Kg2 {[%clk 00:00:12]}
Ra2+ {[%clk 00:00:11]} {[%emt 00:00:02]} 47. Kf3 {[%clk 00:00:15]} {[%emt
00:00:01]} Ra3+ {[%clk 00:00:12]} {[%emt 00:00:01]} 48. Kg2 {[%clk 00:00:16]}
1/2-1/2

[Event "World Youth & Cadets Blitz Championships"]
[Site "Rhodes, Greece"]
[Date "2022.05.03"]
[Round "3.39"]
[White "Smietanska, Wiktoria"]
[Black "Badica, Ariana"]
[Result "1-0"]
[TimeControl "5'/game & 2\"/move"]
[WhiteElo "1890"]
[BlackElo "1371"]

1. c4 {[%clk 00:05:03]} e5 {[%clk 00:05:01]} {[%emt 00:00:03]} 2. Nc3 {[%clk
00:05:03]} {[%emt 00:00:02]} Nf6 {[%clk 00:05:02]} {[%emt 00:00:02]} 3. Nf3
{[%clk 00:05:04]} {[%emt 00:00:01]} d5 {[%clk 00:05:02]} {[%emt 00:00:02]} 4.
cxd5 {[%clk 00:05:01]} {[%emt 00:00:05]} Nxd5 {[%clk 00:05:03]} {[%emt
00:00:01]} 5. Nxe5 {[%clk 00:04:17]} {[%emt 00:00:45]} f6 {[%clk 00:04:37]}
{[%emt 00:00:28]} 6. Nf3 {[%clk 00:04:15]} {[%emt 00:00:04]} Be6 {[%clk
00:04:38]} {[%emt 00:00:01]} 7. d4 {[%clk 00:04:12]} {[%emt 00:00:06]} c5
{[%clk 00:04:02]} {[%emt 00:00:38]} 8. e4 {[%clk 00:03:52]} {[%emt 00:00:21]}
Nb6 {[%clk 00:03:10]} {[%emt 00:00:54]} 9. d5 {[%clk 00:03:42]} {[%emt
00:00:12]} Bg4 {[%clk 00:03:03]} {[%emt 00:00:09]} 10. Be2 {[%clk 00:03:34]}
{[%emt 00:00:11]} Bd6 {[%clk 00:02:48]} {[%emt 00:00:16]} 11. h3 {[%clk
00:03:33]} {[%emt 00:00:03]} Bh5 {[%clk 00:02:46]} {[%emt 00:00:04]} 12. O-O
{[%clk 00:03:29]} {[%emt 00:00:05]} N8d7 {[%clk 00:02:25]} {[%emt 00:00:24]} 13.
Nb5 {[%clk 00:03:28]} {[%emt 00:00:03]} Bb8 {[%clk 00:01:56]} {[%emt 00:00:30]}
14. Re1 {[%clk 00:03:14]} {[%emt 00:00:16]} a6 {[%clk 00:01:55]} {[%emt
00:00:04]} 15. Nc3 {[%clk 00:03:14]} {[%emt 00:00:02]} Qc7 {[%clk 00:01:42]}
{[%emt 00:00:15]} 16. g3 {[%clk 00:03:10]} {[%emt 00:00:05]} g5 {[%clk
00:01:05]} {[%emt 00:00:40]} 17. Nh2 {[%clk 00:02:59]} {[%emt 00:00:13]} Bxe2
{[%clk 00:00:48]} {[%emt 00:00:19]} 18. Qxe2 {[%clk 00:02:59]} {[%emt
00:00:02]} h5 {[%clk 00:00:41]} {[%emt 00:00:09]} 19. Kg2 {[%clk 00:01:34]}
{[%emt 00:01:27]} h4 {[%clk 00:00:38]} {[%emt 00:00:05]} 20. Qg4 {[%clk
00:01:11]} {[%emt 00:00:25]} hxg3 {[%clk 00:00:11]} {[%emt 00:00:29]} 21. fxg3
{[%clk 00:01:07]} {[%emt 00:00:06]} Kd8 {[%clk 00:00:08]} {[%emt 00:00:05]} 22.
Rd1 {[%clk 00:00:40]} {[%emt 00:00:29]} Ne5 {[%clk 00:00:06]} {[%emt 00:00:04]}
23. Qf5 {[%clk 00:00:27]} {[%emt 00:00:14]} Nbd7 {[%clk 00:00:06]} {[%emt
00:00:03]} 24. Nf1 {[%clk 00:00:15]} {[%emt 00:00:14]} Rg8 {[%clk 00:00:05]}
{[%emt 00:00:03]} 25. Qe6 {[%clk 00:00:15]} {[%emt 00:00:02]} Re8 {[%clk
00:00:05]} {[%emt 00:00:02]} 26. Qf5 {[%clk 00:00:14]} {[%emt 00:00:02]} Rg8
{[%clk 00:00:06]} {[%emt 00:00:02]} 27. Be3 {[%clk 00:00:11]} {[%emt 00:00:05]}
g4 {[%clk 00:00:06]} {[%emt 00:00:03]} 28. h4 {[%clk 00:00:10]} {[%emt
00:00:02]} b5 {[%clk 00:00:05]} {[%emt 00:00:03]} 29. Rac1 {[%clk 00:00:08]}
{[%emt 00:00:04]} Ba7 {[%clk 00:00:05]} {[%emt 00:00:02]} 30. Ne2 {[%clk
00:00:08]} {[%emt 00:00:02]} c4 {[%clk 00:00:06]} {[%emt 00:00:02]} 31. Bxa7
{[%clk 00:00:07]} {[%emt 00:00:03]} Rxa7 {[%clk 00:00:07]} {[%emt 00:00:01]} 32.
Nd4 {[%clk 00:00:06]} {[%emt 00:00:03]} Ra8 {[%clk 00:00:07]} {[%emt 00:00:02]}
33. Ne6+ {[%clk 00:00:07]} Kc8 {[%clk 00:00:06]} {[%emt 00:00:02]} 34. Nxc7
{[%clk 00:00:08]} {[%emt 00:00:02]} Kxc7 {[%clk 00:00:06]} {[%emt 00:00:01]} 35.
d6+ {[%clk 00:00:09]} Kd8 {[%clk 00:00:06]} {[%emt 00:00:03]} 36. Ne3 {[%clk
00:00:09]} {[%emt 00:00:01]} Nf3 {[%clk 00:00:05]} {[%emt 00:00:03]} 37. Nxg4
{[%clk 00:00:08]} {[%emt 00:00:02]} Nfe5 {[%clk 00:00:04]} {[%emt 00:00:04]} 38.
Nxe5 {[%clk 00:00:08]} {[%emt 00:00:01]} Nxe5 {[%clk 00:00:04]} {[%emt
00:00:03]} 39. Qxf6+ {[%clk 00:00:08]} {[%emt 00:00:02]} Kd7 {[%clk 00:00:00]}
{[%emt 00:00:03]} 1-0

[Event "World Youth & Cadets Blitz Championships"]
[Site "Rhodes, Greece"]
[Date "2022.05.03"]
[Round "3.40"]
[White "Derlich, Sarah Sima"]
[Black "Hnatyshyn, Anastasiia"]
[Result "0-1"]
[TimeControl "5'/game & 2\"/move"]
[WhiteElo "1382"]
[BlackElo "1784"]

1. e4 {[%clk 00:05:02]} {[%emt 00:00:02]} c5 {[%clk 00:05:03]} {[%emt
00:00:01]} 2. Nf3 {[%clk 00:05:02]} {[%emt 00:00:01]} Nc6 {[%clk 00:05:04]}
{[%emt 00:00:02]} 3. Bb5 {[%clk 00:05:03]} {[%emt 00:00:02]} g6 {[%clk
00:05:04]} {[%emt 00:00:01]} 4. Bxc6 {[%clk 00:04:58]} {[%emt 00:00:07]} dxc6
{[%clk 00:05:04]} {[%emt 00:00:02]} 5. d3 {[%clk 00:04:47]} {[%emt 00:00:12]}
Bg7 {[%clk 00:05:01]} {[%emt 00:00:06]} 6. c4 {[%clk 00:04:47]} {[%emt
00:00:02]} Nf6 {[%clk 00:04:43]} {[%emt 00:00:20]} 7. Nc3 {[%clk 00:04:46]}
{[%emt 00:00:03]} O-O {[%clk 00:04:39]} {[%emt 00:00:06]} 8. O-O {[%clk
00:04:45]} {[%emt 00:00:03]} Bg4 {[%clk 00:04:19]} {[%emt 00:00:22]} 9. h3
{[%clk 00:04:40]} {[%emt 00:00:07]} Bxf3 {[%clk 00:04:01]} {[%emt 00:00:19]} 10.
Qxf3 {[%clk 00:04:39]} {[%emt 00:00:03]} Qd7 {[%clk 00:03:45]} {[%emt
00:00:19]} 11. Bf4 {[%clk 00:04:35]} {[%emt 00:00:06]} Ne8 {[%clk 00:03:25]}
{[%emt 00:00:22]} 12. Rfe1 {[%clk 00:04:13]} {[%emt 00:00:23]} Nc7 {[%clk
00:03:22]} {[%emt 00:00:05]} 13. Bxc7 {[%clk 00:03:58]} {[%emt 00:00:18]} Qxc7
{[%clk 00:03:22]} {[%emt 00:00:02]} 14. Rad1 {[%clk 00:03:34]} {[%emt
00:00:25]} Rad8 {[%clk 00:03:19]} {[%emt 00:00:05]} 15. Qe2 {[%clk 00:03:25]}
{[%emt 00:00:10]} Bd4 {[%clk 00:03:15]} {[%emt 00:00:08]} 16. e5 {[%clk
00:03:08]} {[%emt 00:00:19]} e6 {[%clk 00:03:08]} {[%emt 00:00:09]} 17. Qe4
{[%clk 00:03:05]} {[%emt 00:00:04]} Rd7 {[%clk 00:02:40]} {[%emt 00:00:31]} 18.
Rd2 {[%clk 00:03:03]} {[%emt 00:00:04]} Rfd8 {[%clk 00:02:38]} {[%emt
00:00:03]} 19. Kh1 {[%clk 00:02:43]} {[%emt 00:00:22]} Qa5 {[%clk 00:02:27]}
{[%emt 00:00:13]} 20. Rc1 {[%clk 00:02:17]} {[%emt 00:00:29]} Qc7 {[%clk
00:01:48]} {[%emt 00:00:41]} 21. Re1 {[%clk 00:02:13]} {[%emt 00:00:06]} a6
{[%clk 00:01:46]} {[%emt 00:00:05]} 22. f4 {[%clk 00:01:57]} {[%emt 00:00:17]}
b5 {[%clk 00:01:40]} {[%emt 00:00:08]} 23. cxb5 {[%clk 00:01:42]} {[%emt
00:00:17]} cxb5 {[%clk 00:01:39]} {[%emt 00:00:03]} 24. Ne2 {[%clk 00:01:41]}
{[%emt 00:00:02]} Qa5 {[%clk 00:01:25]} {[%emt 00:00:17]} 25. Red1 {[%clk
00:01:20]} {[%emt 00:00:24]} Qxa2 {[%clk 00:01:02]} {[%emt 00:00:24]} 26. Nxd4
{[%clk 00:01:02]} {[%emt 00:00:20]} Rxd4 {[%clk 00:01:00]} {[%emt 00:00:03]} 27.
Qc6 {[%clk 00:00:47]} {[%emt 00:00:18]} c4 {[%clk 00:00:51]} {[%emt 00:00:12]}
28. Qf3 {[%clk 00:00:40]} {[%emt 00:00:08]} Qb3 {[%clk 00:00:42]} {[%emt
00:00:10]} 29. g3 {[%clk 00:00:22]} {[%emt 00:00:21]} Rxd3 {[%clk 00:00:39]}
{[%emt 00:00:04]} 30. Rxd3 {[%clk 00:00:19]} {[%emt 00:00:05]} cxd3 {[%clk
00:00:35]} {[%emt 00:00:07]} 31. Rd2 {[%clk 00:00:12]} {[%emt 00:00:09]} Qc4
{[%clk 00:00:32]} {[%emt 00:00:04]} 32. Qd1 {[%clk 00:00:11]} {[%emt 00:00:04]}
Qe4+ {[%clk 00:00:25]} {[%emt 00:00:09]} 33. Kg1 {[%clk 00:00:12]} {[%emt
00:00:01]} Qe3+ {[%clk 00:00:24]} {[%emt 00:00:04]} 34. Kh1 {[%clk 00:00:11]}
{[%emt 00:00:02]} Qxg3 {[%clk 00:00:23]} {[%emt 00:00:03]} 35. Rh2 {[%clk
00:00:06]} {[%emt 00:00:07]} Qxf4 {[%clk 00:00:22]} {[%emt 00:00:03]} 36. Kg1
{[%clk 00:00:05]} {[%emt 00:00:02]} Qxe5 {[%clk 00:00:22]} {[%emt 00:00:03]} 37.
Rd2 {[%clk 00:00:04]} {[%emt 00:00:03]} Qe3+ {[%clk 00:00:22]} {[%emt
00:00:02]} 38. Kh2 {[%clk 00:00:04]} {[%emt 00:00:02]} e5 {[%clk 00:00:22]}
{[%emt 00:00:02]} 39. h4 {[%clk 00:00:05]} {[%emt 00:00:01]} e4 {[%clk
00:00:22]} {[%emt 00:00:02]} 40. h5 {[%clk 00:00:05]} {[%emt 00:00:02]} Qf4+
{[%clk 00:00:22]} {[%emt 00:00:02]} 41. Kh1 {[%clk 00:00:03]} {[%emt 00:00:04]}
Qh4+ {[%clk 00:00:20]} {[%emt 00:00:04]} 42. Rh2 {[%clk 00:00:04]} Qf6 {[%clk
00:00:18]} {[%emt 00:00:04]} 43. hxg6 {[%clk 00:00:03]} {[%emt 00:00:03]} hxg6
{[%clk 00:00:18]} {[%emt 00:00:02]} 44. Rg2 {[%clk 00:00:04]} {[%emt 00:00:02]}
e3 {[%clk 00:00:12]} {[%emt 00:00:07]} 45. Rh2 {[%clk 00:00:04]} {[%emt
00:00:01]} e2 {[%clk 00:00:13]} {[%emt 00:00:02]} 46. Qe1 {[%clk 00:00:04]}
{[%emt 00:00:03]} d2 {[%clk 00:00:13]} {[%emt 00:00:01]} 47. Qxe2 {[%clk
00:00:03]} {[%emt 00:00:03]} d1=Q+ 48. Qxd1 {[%clk 00:00:04]} Rxd1+ {[%clk
00:00:13]} {[%emt 00:00:02]} 0-1